[Event "Ville d'Orsay online Blitz"]
[Site "Europe Echecs INT"]
[Date "2021.02.07"]
[Round "4"]
[White "Mallevaey, Armand"]
[Black "Poiraud, Ludovic"]
[Result "1/2-1/2"]
[WhiteElo "1692"]
[BlackElo "2048"]
[PlyCount "137"]
[EventDate "2021.02.07"]
[EventType "swiss (blitz)"]
[EventRounds "11"]
[EventCountry "FRA"]
[SourceTitle "CBM 200 Extra"]
[Source "ChessBase"]
[SourceDate "2021.03.31"]
[SourceVersion "1"]
[SourceVersionDate "2021.03.31"]
[SourceQuality "1"]

1. e4 e6 2. d4 d5 3. exd5 exd5 4. Nf3 c6 5. c4 Be6 6. cxd5 Bxd5 7. Nc3 Bb4 8. a3 Ba5 9. b4 Bc7 10. Be3 Nf6 11. Bd3 0-0 12. 0-0 Nbd7 13. Bc2 Re8 14. Bg5 h6 15. Bh4 Nf8 16. Nxd5 cxd5 17. Bb3 Re6 18. Re1 Ng6 19. Bg3 Bxg3 20. hxg3 Ne4 21. Nd2 Nxd2 22. Qxd2 Qd6 23. Rxe6 Qxe6 24. Re1 Qd6 25. Qd3 Rd8 26. Qb5 b6 27. Re8+ Rxe8 28. Qxe8+ Nf8 29. Qa8 a5 30. Qxd5 Qxd5 31. Bxd5 axb4 32. axb4 Nd7 33. Bc6 Nf6 34. b5 Kf8 35. f4 Ke7 36. Kf2 Kd6 37. Ke3 Ng4+ 38. Kf3 Nf6 39. g4 Ng8 40. f5 Nf6 41. Kf4 Ng8 42. g5 hxg5+ 43. Kxg5 Ne7 44. Be8 f6+ 45. Kf4 Nd5+ 46. Ke4 Nc3+ 47. Kd3 Nd1 48. Bc6 Nf2+ 49. Ke3 Ng4+ 50. Kf3 Nh6 51. g4 Nf7 52. Kf4 Ng5 53. Kg3 Nf7 54. Kh4 Ke7 55. Kh5 Nh8 56. g5 Kd6 57. gxf6 gxf6 58. Be8 Ke7 59. Bc6 Nf7 60. Kg6 Nd6 61. d5 Ne4 62. Kg7 Nd6 63. Kg6 Ne4 64. Kh5 Nd6 65. Kg4 Kf7 66. Kf4 Ke7 67. Kg4 Kf7 68. Kf4 Ke7 69. Kg4 1/2-1/2

[Event "Ville d'Orsay online Blitz"]
[Site "Europe Echecs INT"]
[Date "2021.02.07"]
[Round "10"]
[White "Poiraud, Ludovic"]
[Black "Razafindratsima, Timothe"]
[Result "1/2-1/2"]
[WhiteElo "2048"]
[BlackElo "2341"]
[PlyCount "133"]
[EventDate "2021.02.07"]
[EventType "swiss (blitz)"]
[EventRounds "11"]
[EventCountry "FRA"]
[SourceTitle "CBM 200 Extra"]
[Source "ChessBase"]
[SourceDate "2021.03.31"]
[SourceVersion "1"]
[SourceVersionDate "2021.03.31"]
[SourceQuality "1"]

1. e4 c5 2. Nf3 d6 3. d4 cxd4 4. Qxd4 Nc6 5. Bb5 Bd7 6. Bxc6 Bxc6 7. c4 e5 8. Qd3 Nf6 9. Nc3 h6 10. 0-0 Be7 11. b3 0-0 12. Rd1 Qc7 13. Ba3 Rfd8 14. Rac1 a6 15. Nd5 Bxd5 16. cxd5 Qd7 17. Rc4 Nh5 18. g3 g6 19. Rdc1 Qg4 20. Kh1 Bf8 21. Ng1 b5 22. Rc6 f5 23. f3 Qg5 24. Rc7 Nf6 25. Nh3 Qh5 26. Nf2 a5 27. R1c2 b4 28. Bc1 a4 29. Kg2 axb3 30. axb3 fxe4 31. Nxe4 Nxe4 32. Qxe4 Qf5 33. Qxf5 gxf5 34. Bd2 Ra5 35. Bxb4 Rxd5 36. Bd2 Rb5 37. b4 Ra8 38. Rc8 Rxc8 39. Rxc8 Kf7 40. Rc7+ Ke6 41. Rh7 d5 42. Bxh6 Bxb4 43. Rh8 d4 44. h4 d3 45. Rd8 Bd6 46. Kf1 Rb1+ 47. Kf2 f4 48. gxf4 exf4 49. Rxd6+ Kxd6 50. Bxf4+ Kd5 51. Ke3 Kc4 52. h5 Kc3 53. Kf2 d2 54. Bxd2+ Kxd2 55. Kg3 Ke3 56. Kg4 Rb4+ 57. Kg5 Kxf3 58. h6 Rb5+ 59. Kg6 Kg4 60. h7 Rb6+ 61. Kg7 Rb7+ 62. Kg6 Rb8 63. Kg7 Kg5 64. h8Q Rb7+ 65. Kf8 Rb8+ 66. Kg7 Rxh8 67. Kxh8 1/2-1/2